Noem de dictators die in Europa meerdere jaren regeerden - Statistieken

Algemene statistieken
  • Deze quiz is 10 keer genomen
  • De gemiddelde score is 4 van 17
Antwoordstatistieken
Antwoord % Correct
Adolf Hitler
100%
Napoleon Bonaparte
50%
Benito Mussolini
30%
Francisco Franco
30%
Jozef Stalin
30%
Aleksandr Loekasjenko
10%
António de Oliveira
10%
Enver Hoxha
10%
Georgios Zoitakis
10%
Gheorghe Gheorghiu
10%
János Kádár
10%
Josip Broz Tito
10%
Jozef Tiso
10%
Napoleon III
10%
Nicolae Ceaușescu
10%
Sidónio Pais
10%
Wojciech Jaruzelski
10%
Geen overeenkomende quizzen gevonden
Scoreverdeling
Procent van Mensen met Elke Score
Percentiel versus Aantal Correcte Antwoorden
Uw Scoregeschiedenis
U heeft deze quiz nog niet genomen